[Event "I Campeonato Brasileiro de Xadrez via I"]
[Site "Internet Chess Club"]
[Date "2008.12.21"]
[Round "1.11"]
[White "Abdalla, Luiz Guilherme Aure"]
[Black "Milos, Gilberto"]
[Result "1-0"]
[WhiteElo "2072"]
[BlackElo "2593"]
[PlyCount "119"]
[EventDate "2008.12.21"]
[Source "lmi"]
[SourceDate "2008.12.21"]

1. d3 e5 2. c4 Nc6 3. Nc3 f5 4. g3 Nf6 5. Bg2 Bb4 6. Bd2 d6 7. Nd5 Bxd2+ 8.
Qxd2 Nxd5 9. cxd5 Ne7 10. e3 O-O 11. Ne2 c6 12. dxc6 bxc6 13. O-O Be6 14. d4 e4
15. Nf4 Bf7 16. b3 Qb6 17. Rac1 a5 18. f3 d5 19. Rc5 Qb4 20. Qc2 a4 21. Rb1
Rfb8 22. fxe4 dxe4 23. g4 axb3 24. axb3 Bxb3 25. Qf2 Ra2 26. Qh4 Nd5 27. Nxd5
cxd5 28. gxf5 Rf8 29. Rf1 Qd2 30. Qg3 Bc4 31. Rb1 Rb2 32. Ra1 Ra2 33. Rb1 Bd3
34. Rbc1 h5 35. Rc7 Qxg2+ 36. Qxg2 Rxg2+ 37. Kxg2 Rxf5 38. Re7 Kh7 39. Rcc7
Rg5+ 40. Kf2 h4 41. Re5 Rg4 42. Rxd5 h3 43. Rh5+ Kg6 44. Rxh3 Kf6 45. Rg3 Rh4
46. Kg2 Be2 47. Rc6+ Ke7 48. Rc5 Kd6 49. Re5 Bf3+ 50. Kg1 Rh8 51. Rxg7 Rb8 52.
Rg6+ Kd7 53. Kf2 Rb2+ 54. Kf1 Rb1+ 55. Kf2 Rb2+ 56. Ke1 Re2+ 57. Kf1 Rxe3 58.
Ra5 Rb3 59. Ra7+ Kc8 60. Rg8# 1-0

[Event "I Campeonato Brasileiro de Xadrez via I"]
[Site "Internet Chess Club"]
[Date "2008.12.21"]
[Round "1.12"]
[White "Milos, Gilberto"]
[Black "Abdalla, Luiz Guilherme Aure"]
[Result "1-0"]
[WhiteElo "2593"]
[BlackElo "2072"]
[PlyCount "93"]
[EventDate "2008.12.21"]
[Source "lmi"]
[SourceDate "2008.12.21"]

1. e4 e6 2. d4 d5 3. Nd2 Nf6 4. e5 Nfd7 5. Bd3 c5 6. c3 Nc6 7. Ne2 cxd4 8. cxd4
f6 9. exf6 Nxf6 10. Nf3 Bd6 11. O-O O-O 12. Bf4 Bxf4 13. Nxf4 Ne4 14. g3 Qf6
15. h4 h6 16. Bxe4 dxe4 17. Ne5 Nxe5 18. dxe5 Qf5 19. Rc1 b6 20. Qd6 Ba6 21.
Rfe1 Rae8 22. Rc7 g5 23. Qd7 Qf7 24. hxg5 hxg5 25. Nh3 Bd3 26. Qxf7+ Rxf7 27.
Rxf7 Kxf7 28. Nxg5+ Kg6 29. Nxe4 Rc8 30. Nc3 b5 31. a3 a5 32. Rd1 Bc4 33. Rd4
b4 34. axb4 axb4 35. Ne4 Bd5 36. Rxb4 Rc1+ 37. Kh2 Kf5 38. f3 Kxe5 39. Ng5 Kf5
40. Ne4 Rc2+ 41. Kh3 Rc1 42. Nc3 Bc6 43. g4+ Kg5 44. Rc4 Bxf3 45. Ne4+ Bxe4 46.
Rxc1 Bd5 47. b4 1-0

[Event "I Campeonato Brasileiro de Xadrez via I"]
[Site "Internet Chess Club"]
[Date "2008.12.21"]
[Round "1.13"]
[White "Abdalla, Luiz Guilherme Aure"]
[Black "Milos, Gilberto"]
[Result "0-1"]
[WhiteElo "2072"]
[BlackElo "2593"]
[PlyCount "148"]
[EventDate "2008.12.21"]
[Source "lmi"]
[SourceDate "2008.12.21"]

1. d4 d5 2. c4 dxc4 3. Nf3 Nf6 4. e3 e6 5. Bxc4 c5 6. O-O a6 7. a4 Nc6 8. Nc3
cxd4 9. exd4 Be7 10. Bg5 O-O 11. Re1 Nd5 12. Bxd5 exd5 13. Bxe7 Nxe7 14. Ne5 f6
15. Nd3 Nc6 16. Nc5 b6 17. Ne6 Bxe6 18. Rxe6 Qd7 19. Re3 Rfe8 20. Rh3 Nb4 21.
Qh5 h6 22. Qh4 Qf5 23. Rf1 Qg5 24. Qh5 Qxh5 25. Rxh5 Rad8 26. Rd1 Kf7 27. Rh3
Re7 28. Re3 Rde8 29. Rxe7+ Rxe7 30. Kf1 Ke6 31. Ne2 Kd6 32. Nf4 Re4 33. Nh5 Re7
34. Ng3 g6 35. h4 h5 36. Ne2 Re4 37. g3 g5 38. hxg5 fxg5 39. Ng1 Nc6 40. Nf3 g4
41. Nh4 Ke6 42. Ng2 Rxd4 43. Nf4+ Kf5 44. Rc1 Rc4 45. Rd1 d4 46. b3 Rc3 47. b4
Rc4 48. b5 axb5 49. axb5 Ne5 50. Nxh5 Ng6 51. Ng7+ Kf6 52. Nh5+ Kg5 53. Ng7 Rb4
54. Ne6+ Kf6 55. Nxd4 Ne5 56. Kg2 Rb2 57. Rh1 Nd3 58. Rf1 Ke5 59. Nc6+ Ke4 60.
Kg1 Rxb5 61. Nd8 Rb2 62. Nf7 b5 63. Nd6+ Kd5 64. Nf5 Ke4 65. Ne3 Kf3 66. Nf5
Rxf2 67. Nd4+ Kxg3 68. Rxf2 Nxf2 69. Nxb5 Nh3+ 70. Kh1 Kf2 71. Kh2 g3+ 72. Kxh3
g2 73. Nd4 g1=Q 74. Nf5 Qg5 0-1

[Event "I Campeonato Brasileiro de Xadrez via I"]
[Site "Internet Chess Club"]
[Date "2008.12.21"]
[Round "1.21"]
[White "Diamant, Andre"]
[Black "Bittencourt, Jorge"]
[Result "1-0"]
[WhiteElo "2412"]
[BlackElo "2455"]
[PlyCount "63"]
[EventDate "2008.12.21"]
[Source "lmi"]
[SourceDate "2008.12.21"]

1. e4 c5 2. Nf3 d6 3. d4 cxd4 4. Nxd4 Nf6 5. Nc3 a6 6. Be2 e5 7. Nb3 Be7 8. O-O
O-O 9. Kh1 b6 10. a4 Bb7 11. f3 Nc6 12. Bg5 Rc8 13. Bc4 Nb4 14. Qe2 Qc7 15.
Bxf6 Bxf6 16. Bd3 g6 17. Nd2 Rfd8 18. Nc4 Bg5 19. Rfd1 Re8 20. Qf2 Bd8 21. Bf1
Qc5 22. Qxc5 dxc5 23. Nd6 Bc7 24. Nxb7 Nxc2 25. Rac1 Nb4 26. Nd6 Bxd6 27. Rxd6
Rb8 28. Nd5 Red8 29. Rxd8+ Rxd8 30. Nxb4 cxb4 31. Bxa6 b3 32. Rc8 1-0

[Event "I Campeonato Brasileiro de Xadrez via I"]
[Site "Internet Chess Club"]
[Date "2008.12.21"]
[Round "1.22"]
[White "Bittencourt, Jorge"]
[Black "Diamant, Andre"]
[Result "0-1"]
[WhiteElo "2455"]
[BlackElo "2412"]
[PlyCount "92"]
[EventDate "2008.12.21"]
[Source "lmi"]
[SourceDate "2008.12.21"]

1. e4 c5 2. Nf3 e6 3. d4 cxd4 4. Nxd4 Nc6 5. Nc3 a6 6. Nxc6 bxc6 7. Bd3 d5 8.
O-O Qc7 9. Re1 Bb7 10. Qf3 Bd6 11. e5 Bf8 12. Qg3 g6 13. Ne2 Bg7 14. Nf4 Ne7
15. Nh5 Rg8 16. Nxg7+ Rxg7 17. Bh6 Rg8 18. c4 dxc4 19. Bxc4 Nf5 20. Qh3 c5 21.
Bg5 h5 22. Rad1 Nd4 23. b3 Nc2 24. Bxe6 Nxe1 25. Bd7+ Kf8 26. Bh6+ Rg7 27. Rxe1
Rd8 28. Ba4 Qxe5 29. Rf1 Kg8 30. Bxg7 Kxg7 31. Qh4 Rd4 32. Qg3 Qxg3 33. hxg3
Rd2 34. Rc1 Rd5 35. Rc4 Re5 36. b4 cxb4 37. Rxb4 Bd5 38. a3 Be6 39. Bc2 Re1+
40. Kh2 Re2 41. Bd3 Rxf2 42. Kg1 Ra2 43. Bxa6 Rxa3 44. Bf1 Rxg3 45. Kf2 Rg4 46.
g3 Rxb4 0-1

[Event "I Campeonato Brasileiro de Xadrez via I"]
[Site "Internet Chess Club"]
[Date "2008.12.21"]
[Round "1.31"]
[White "Disconzi da Silva, Rodrigo"]
[Black "Mekhitarian, Krikor Sevag"]
[Result "1/2-1/2"]
[WhiteElo "2352"]
[BlackElo "2511"]
[PlyCount "166"]
[EventDate "2008.12.21"]
[Source "lmi"]
[SourceDate "2008.12.21"]

1. Nf3 c5 2. b3 Nc6 3. Bb2 d5 4. e3 a6 5. d4 cxd4 6. Nxd4 Nf6 7. Nd2 e6 8. Be2
Bd6 9. O-O O-O 10. c4 Bd7 11. cxd5 exd5 12. Rc1 Re8 13. Bf3 Ne5 14. Be2 Qe7 15.
h3 Rad8 16. Qc2 Bb8 17. Nf5 Qe6 18. Nd4 Qd6 19. f4 Nc6 20. Nxc6 Bxc6 21. Bd4
Qe7 22. Qf5 Nd7 23. Bd3 g6 24. Qg4 Nf8 25. Rce1 Ne6 26. Bb6 Bc7 27. Bxc7 Qxc7
28. f5 Nc5 29. fxg6 hxg6 30. Bb1 Ne4 31. Bxe4 dxe4 32. Nc4 b5 33. Nb2 Qe5 34.
Re2 b4 35. Nc4 Qe6 36. Qxe6 Rxe6 37. Ref2 f5 38. Rc1 Bb5 39. Rfc2 Rd3 40. Kf2
Re7 41. Ke2 Red7 42. h4 Bxc4 43. bxc4 Ra3 44. c5 Kf7 45. c6 Rc7 46. Rb2 a5 47.
Rc5 Ke6 48. Rd2 Rc3 49. Rxa5 R7xc6 50. Rb5 R3c4 51. Kf2 Ra6 52. Kg3 Rac6 53.
Kf4 Kf6 54. Rd8 Rc1 55. Rf8+ Kg7 56. Rbb8 Rf1+ 57. Ke5 Rc7 58. Rg8+ Kf7 59.
Rbf8+ Ke7 60. Rg7+ Kxf8 61. Rxc7 f4 62. exf4 e3 63. Kf6 Kg8 64. Rc8+ Kh7 65.
Re8 Rxf4+ 66. Kg5 Rf2 67. Re7+ Kg8 68. Rxe3 Rxg2+ 69. Kf6 Rxa2 70. Kxg6 Rg2+
71. Kh6 Kf7 72. h5 Rg4 73. Rf3+ Ke6 74. Rd3 Ke5 75. Kh7 Ke4 76. Rd6 b3 77. Rb6
Rg3 78. h6 Kd4 79. Kh8 Kc3 80. h7 b2 81. Rc6+ Kb3 82. Rb6+ Ka2 83. Rxb2+ Kxb2
1/2-1/2

[Event "I Campeonato Brasileiro de Xadrez via I"]
[Site "Internet Chess Club"]
[Date "2008.12.21"]
[Round "1.32"]
[White "Mekhitarian, Krikor Sevag"]
[Black "Disconzi da Silva, Rodrigo"]
[Result "1-0"]
[WhiteElo "2511"]
[BlackElo "2352"]
[PlyCount "133"]
[EventDate "2008.12.21"]
[Source "lmi"]
[SourceDate "2008.12.21"]

1. e4 c6 2. d4 Na6 3. Nf3 Nc7 4. Be2 g6 5. O-O Bg7 6. Re1 d5 7. e5 Bg4 8. Nbd2
Nh6 9. b3 O-O 10. Bb2 Qd7 11. h3 Bxf3 12. Nxf3 f6 13. c4 Nf7 14. exf6 exf6 15.
Bf1 Rfe8 16. Qd3 Nd6 17. Ba3 Ne4 18. Nd2 f5 19. Nf3 Rad8 20. Rad1 Ne6 21. Ne5
Bxe5 22. dxe5 d4 23. c5 Kg7 24. b4 Nc3 25. Rd2 Nf4 26. Qf3 Ne6 27. Bb2 Ne4 28.
Rdd1 Qd5 29. Qb3 Qxb3 30. axb3 a6 31. Bc4 Nc3 32. Rd2 Nb5 33. g3 h5 34. Kg2 Kf8
35. f4 Ke7 36. Kf3 h4 37. g4 fxg4+ 38. hxg4 Rf8 39. Bxe6 Kxe6 40. Ke4 Rd5 41.
Rd3 Rd7 42. Rf1 Rdf7 43. Rdf3 Ke7 44. f5 gxf5+ 45. gxf5 Rg8 46. Bxd4 Rg4+ 47.
Rf4 Rg2 48. Rxh4 Re2+ 49. Kd3 Nxd4 50. Kxd4 Kf8 51. e6 Rxe6 52. fxe6 Rxf1 53.
Ke5 Kg7 54. Kd6 Rd1+ 55. Kc7 Kf6 56. Re4 Ke7 57. Kxb7 Rb1 58. Kxc6 Rxb3 59. Kb6
a5 60. Kxa5 Ra3+ 61. Kb6 Rb3 62. b5 Kd8 63. e7+ Ke8 64. c6 Rc3 65. Kb7 Rc2 66.
b6 Rc3 67. c7 1-0

[Event "I Campeonato Brasileiro de Xadrez via I"]
[Site "Internet Chess Club"]
[Date "2008.12.21"]
[Round "1.51"]
[White "Bueno, Alfeu Junior Varela"]
[Black "Fier, Alexandr"]
[Result "0-1"]
[WhiteElo "2274"]
[BlackElo "2581"]
[PlyCount "84"]
[EventDate "2008.12.21"]
[Source "lmi"]
[SourceDate "2008.12.21"]

1. e4 Nf6 2. e5 Nd5 3. d4 d6 4. c4 Nb6 5. exd6 exd6 6. Nc3 Be7 7. Bd3 O-O 8.
Nge2 Bf6 9. O-O Nc6 10. b3 Bg4 11. f3 Bh5 12. d5 Ne5 13. Bc2 Bg6 14. Bb2 Re8
15. Ng3 Bxc2 16. Qxc2 Ng6 17. Nce4 Bxb2 18. Qxb2 Nd7 19. Nf5 Re5 20. Neg3 Qf6
21. Nd4 Nf4 22. Nb5 Qd8 23. Rae1 a6 24. Nd4 Qf6 25. Ne4 Qg6 26. Kh1 Rae8 27. g3
Nd3 28. Qd2 Nxe1 29. Rxe1 f5 30. Ne6 fxe4 31. f4 R5xe6 32. dxe6 Qxe6 33. Re3
Nc5 34. Kg2 Nd3 35. Qe2 a5 36. h3 Nc5 37. a3 Nd7 38. Qd2 Nf6 39. Qxa5 b6 40.
Qa7 d5 41. cxd5 Nxd5 42. Re2 e3 0-1

[Event "I Campeonato Brasileiro de Xadrez via I"]
[Site "Internet Chess Club"]
[Date "2008.12.21"]
[Round "1.52"]
[White "Fier, Alexandr"]
[Black "Bueno, Alfeu Junior Varela"]
[Result "1-0"]
[WhiteElo "2581"]
[BlackElo "2274"]
[PlyCount "35"]
[EventDate "2008.12.21"]
[Source "lmi"]
[SourceDate "2008.12.21"]

1. e4 e6 2. d4 d5 3. Nd2 Nf6 4. e5 Nfd7 5. c3 c5 6. Bd3 Nc6 7. Ngf3 g6 8. h4
Qb6 9. h5 g5 10. Nxg5 h6 11. Ngf3 cxd4 12. cxd4 Nxd4 13. Nxd4 Qxd4 14. Nf3 Qg4
15. g3 Bg7 16. Rh4 Nxe5 17. Rxg4 Nxg4 18. Qa4+ 1-0

[Event "I Campeonato Brasileiro de Xadrez via I"]
[Site "Internet Chess Club"]
[Date "2008.12.21"]
[Round "1.61"]
[White "Santos, Marcus Vinicius Mor"]
[Black "Lima, Darcy"]
[Result "1-0"]
[WhiteElo "2394"]
[BlackElo "2488"]
[PlyCount "97"]
[EventDate "2008.12.21"]
[Source "lmi"]
[SourceDate "2008.12.21"]

1. d4 Nf6 2. c4 e6 3. Nc3 d5 4. cxd5 Nxd5 5. e4 Nxc3 6. bxc3 c5 7. Nf3 cxd4 8.
cxd4 Nc6 9. Bc4 b5 10. Bb3 Bb4+ 11. Bd2 Bxd2+ 12. Qxd2 O-O 13. O-O Bb7 14. Rad1
Na5 15. Bc2 Nc4 16. Qf4 Rc8 17. d5 Qf6 18. Qxf6 gxf6 19. Nd4 exd5 20. exd5 Nd6
21. Nf5 Rfd8 22. Ne7+ Kg7 23. Nxc8 Nxc8 24. Be4 Nd6 25. Bf3 a5 26. Rc1 Nc4 27.
Rfd1 Rd7 28. d6 Bxf3 29. gxf3 Rxd6 30. Rxd6 Nxd6 31. Rc6 Nf5 32. Rc5 Nd4 33.
Kg2 a4 34. Rd5 Ne2 35. Rxb5 Nc3 36. Rb2 f5 37. Rc2 Nd5 38. Rc4 a3 39. Ra4 Kf6
40. Rxa3 h5 41. Ra8 h4 42. a4 Nf4+ 43. Kf1 Ke6 44. a5 Kd6 45. a6 Kc6 46. Rf8
Kb6 47. Rxf7 Kxa6 48. Rxf5 Ng6 49. Rf6+ 1-0

[Event "I Campeonato Brasileiro de Xadrez via I"]
[Site "Internet Chess Club"]
[Date "2008.12.21"]
[Round "1.62"]
[White "Lima, Darcy"]
[Black "Santos, Marcus Vinicius Mor"]
[Result "1-0"]
[WhiteElo "2488"]
[BlackElo "2394"]
[PlyCount "47"]
[EventDate "2008.12.21"]
[Source "lmi"]
[SourceDate "2008.12.21"]

1. e4 e5 2. Nf3 Nc6 3. Nc3 Nf6 4. g3 d5 5. exd5 Nd4 6. h3 Bb4 7. Bg2 O-O 8. O-O
Bxc3 9. dxc3 Nxf3+ 10. Qxf3 e4 11. Qd1 Bf5 12. c4 Qd7 13. Kh2 h6 14. b3 Rfe8
15. Re1 Bg6 16. Bb2 Qf5 17. Qd2 Re7 18. Re3 Rae8 19. Rae1 Nd7 20. f4 exf3 21.
Rxe7 Rxe7 22. Rxe7 fxg2 23. Kxg2 Nc5 24. g4 1-0

[Event "I Campeonato Brasileiro de Xadrez via I"]
[Site "Internet Chess Club"]
[Date "2008.12.21"]
[Round "1.63"]
[White "Santos, Marcus Vinicius Mor"]
[Black "Lima, Darcy"]
[Result "1-0"]
[WhiteElo "2394"]
[BlackElo "2488"]
[PlyCount "67"]
[EventDate "2008.12.21"]
[Source "lmi"]
[SourceDate "2008.12.21"]

1. d4 d5 2. c4 dxc4 3. e4 c5 4. d5 Nf6 5. Nc3 e6 6. Bxc4 exd5 7. Bxd5 Be7 8.
Nf3 O-O 9. O-O Nxd5 10. Nxd5 Nc6 11. Bf4 Bd6 12. Qd2 Bxf4 13. Qxf4 Be6 14. Rad1
Qa5 15. Nc7 Rac8 16. Nxe6 fxe6 17. Qg4 Rf6 18. Rd7 Rg6 19. Qh5 c4 20. Qxa5 Nxa5
21. Rfd1 h6 22. h3 Rf6 23. Ne5 c3 24. bxc3 Rxc3 25. Re7 Nc6 26. Re8+ Kh7 27.
Nf3 Rc2 28. Rd7 Rxa2 29. Rxb7 Ra4 30. Rc8 Nd4 31. Ne5 Ra1+ 32. Kh2 Rxf2 33.
Rbb8 g5 34. Rb7+ 1-0

[Event "I Campeonato Brasileiro de Xadrez via I"]
[Site "Internet Chess Club"]
[Date "2008.12.21"]
[Round "1.71"]
[White "Resende, Antonio Carlos"]
[Black "Matsuura, Everaldo"]
[Result "1/2-1/2"]
[WhiteElo "2403"]
[BlackElo "2469"]
[PlyCount "160"]
[EventDate "2008.12.21"]
[Source "lmi"]
[SourceDate "2008.12.21"]

1. Nf3 Nf6 2. g3 d5 3. Bg2 g6 4. O-O Bg7 5. d3 O-O 6. Nbd2 c5 7. e4 Nc6 8. c3
e5 9. a4 d4 10. Nc4 Ne8 11. cxd4 cxd4 12. Bd2 Nd6 13. Nxd6 Qxd6 14. Ne1 Be6 15.
f4 exf4 16. gxf4 f5 17. e5 Qd7 18. Nf3 Bd5 19. Ng5 h6 20. Bxd5+ Qxd5 21. Nf3
Nd8 22. Nh4 Kh7 23. Qf3 Qxf3 24. Nxf3 Ne6 25. Rfc1 Rfc8 26. Kf2 Nc5 27. Ke2 Nb3
28. Rxc8 Rxc8 29. Ra3 Nc1+ 30. Kd1 Bf8 31. Bxc1 Bxa3 32. bxa3 g5 33. fxg5 hxg5
34. Nxd4 Kg6 35. Bd2 Rh8 36. Nf3 g4 37. Ne1 Rxh2 38. d4 g3 39. d5 g2 40. Be3
Rh1 41. d6 Kf7 42. Bf2 Ke6 43. Ke2 g1=Q 44. Bxg1 Rxg1 45. Nf3 Rg4 46. Ke3 Rxa4
47. Nd4+ Kd7 48. Nxf5 Rxa3+ 49. Ke4 Ra4+ 50. Kd5 Ra5+ 51. Kd4 Ra4+ 52. Kd5 Ra5+
53. Ke4 Ra4+ 54. Nd4 Rxd4+ 55. Kxd4 Ke6 56. Kc5 a5 57. Kb5 b6 58. Kxb6 a4 59.
Kc7 a3 60. d7 a2 61. d8=Q a1=Q 62. Qd6+ Kf5 63. Qf6+ Ke4 64. Qg6+ Kd5 65. Qf7+
Ke4 66. e6 Qe5+ 67. Kd7 Qd5+ 68. Ke7 Qc5+ 69. Ke8 Qb5+ 70. Kf8 Qc5+ 71. e7 Ke5
72. Qg7+ Ke6 73. Qg6+ Kd7 74. Qe8+ Ke6 75. Qf7+ Kd7 76. Qe8+ Ke6 77. Qd8 Qf5+
78. Kg8 Qf7+ 79. Kh8 Qxe7 80. Qxe7+ Kxe7 1/2-1/2

[Event "I Campeonato Brasileiro de Xadrez via I"]
[Site "Internet Chess Club"]
[Date "2008.12.21"]
[Round "1.72"]
[White "Matsuura, Everaldo"]
[Black "Resende, Antonio Carlos"]
[Result "1-0"]
[WhiteElo "2469"]
[BlackElo "2403"]
[PlyCount "109"]
[EventDate "2008.12.21"]
[Source "lmi"]
[SourceDate "2008.12.21"]

1. e4 g6 2. d4 Bg7 3. Nc3 d6 4. Be3 c6 5. f3 Nd7 6. Qd2 b5 7. Bd3 Bb7 8. Nh3 a6
9. a4 b4 10. Ne2 c5 11. c3 bxc3 12. bxc3 Qa5 13. O-O Ngf6 14. Bh6 O-O 15. Bxg7
Kxg7 16. Qg5 h6 17. Qe3 cxd4 18. cxd4 e5 19. f4 exd4 20. Qxd4 Qc5 21. Nf2 Rfe8
22. Qb2 Rab8 23. Rac1 Qe3 24. Qa1 Nc5 25. e5 Nxd3 26. exf6+ Kg8 27. Rc3 Qxe2
28. Rxd3 d5 29. Rg3 Bc8 30. Qd4 Qxf1+ 31. Kxf1 Be6 32. Re3 Rb1+ 33. Re1 Rb2 34.
Nd3 Rd2 35. Qe3 Rc8 36. Qxd2 d4 37. Ne5 Rd8 38. Qd3 Rc8 39. Kf2 Bf5 40. Qxd4
Be6 41. Re2 Kh7 42. Qd6 Kg8 43. Qe7 a5 44. Nxg6 Kh7 45. Rxe6 Kxg6 46. Re5 Rc2+
47. Re2 Rc6 48. f5+ Kg5 49. Qe3+ Kxf5 50. Qe4+ Kxf6 51. Qxc6+ Kg7 52. Re3 h5
53. Rg3+ Kf8 54. Qf6 Ke8 55. Rd3 1-0

[Event "I Campeonato Brasileiro de Xadrez via I"]
[Site "Internet Chess Club"]
[Date "2008.12.21"]
[Round "1.81"]
[White "Leitao, Rafael"]
[Black "Pereira, Juliano Resende Mat"]
[Result "1-0"]
[WhiteElo "2590"]
[BlackElo "2246"]
[PlyCount "97"]
[EventDate "2008.12.21"]
[Source "lmi"]
[SourceDate "2008.12.21"]

1. d4 Nf6 2. c4 e6 3. Nf3 b6 4. g3 Ba6 5. Qc2 c5 6. d5 exd5 7. cxd5 g6 8. Bg2
d6 9. Nc3 Bg7 10. O-O O-O 11. Re1 Re8 12. e4 Nbd7 13. Bf4 Qe7 14. e5 dxe5 15.
Nxe5 Nxe5 16. Bxe5 Qd7 17. h3 Rad8 18. Rad1 Bb7 19. Qb3 Nh5 20. Bxg7 Nxg7 21.
Ne4 Kh8 22. Nf6 Rxe1+ 23. Rxe1 Qd6 24. Qc3 b5 25. Re8+ Rxe8 26. Nxe8 Qf8 27.
Qxg7+ Qxg7 28. Nxg7 Kxg7 29. d6 Bc8 30. Bc6 Bxh3 31. d7 Bxd7 32. Bxd7 a6 33.
Bc8 a5 34. Ba6 b4 35. Kf1 f5 36. f4 g5 37. fxg5 Kg6 38. Kf2 Kxg5 39. Kf3 a4 40.
Bc4 h5 41. Bd5 h4 42. gxh4+ Kxh4 43. Kf4 Kh3 44. Kxf5 Kg3 45. Ke4 Kf2 46. Kd3
Ke1 47. Kc4 Kd2 48. Kxc5 b3 49. Bxb3 1-0

[Event "I Campeonato Brasileiro de Xadrez via I"]
[Site "Internet Chess Club"]
[Date "2008.12.21"]
[Round "1.82"]
[White "Pereira, Juliano Resende Mat"]
[Black "Leitao, Rafael"]
[Result "1/2-1/2"]
[WhiteElo "2246"]
[BlackElo "2590"]
[PlyCount "116"]
[EventDate "2008.12.21"]
[Source "lmi"]
[SourceDate "2008.12.21"]

1. c4 Nf6 2. g3 e6 3. Bg2 d5 4. Nf3 Be7 5. d4 O-O 6. O-O dxc4 7. Qc2 a6 8. Qxc4
b5 9. Qc2 Bb7 10. Bg5 Nbd7 11. Bxf6 Nxf6 12. Nbd2 Rc8 13. Nb3 Be4 14. Qd1 Bd5
15. Rc1 Nd7 16. Re1 c5 17. dxc5 Nxc5 18. Nxc5 Bxc5 19. a3 Qf6 20. e4 Bb7 21. e5
Qe7 22. h4 h6 23. b4 Bb6 24. Qe2 Bd5 25. Nh2 Bxg2 26. Kxg2 Qb7+ 27. Qf3 Qxf3+
28. Nxf3 Rfd8 29. Red1 Kf8 30. h5 Ke7 31. g4 Rc4 32. Rxc4 bxc4 33. Rxd8 Kxd8
34. Nd2 c3 35. Nb3 c2 36. Kf3 Bd4 37. Ke2 Bb2 38. Kd2 Bxa3 39. Kxc2 Bxb4 40.
Kd3 Kc7 41. f4 Be7 42. f5 Kb6 43. Kc4 a5 44. fxe6 fxe6 45. Nd4 a4 46. Nxe6 a3
47. Kb3 Kc6 48. Nxg7 Kd5 49. e6 Kd6 50. Kxa3 Ke5+ 51. Kb3 Kf6 52. Nf5 Kxe6 53.
Nxh6 Ke5 54. Nf5 Bg5 55. h6 Bxh6 56. Nxh6 Kf4 57. Kc4 Kg5 58. Nf7+ Kxg4 1/2-1/2

[Event "I Campeonato Brasileiro de Xadrez via I"]
[Site "Internet Chess Club"]
[Date "2008.12.21"]
[Round "2.11"]
[White "Diamant, Andre"]
[Black "Milos, Gilberto"]
[Result "1/2-1/2"]
[WhiteElo "2412"]
[BlackElo "2593"]
[PlyCount "116"]
[EventDate "2008.12.21"]
[Source "lmi"]
[SourceDate "2008.12.21"]

1. e4 c6 2. d4 d5 3. exd5 cxd5 4. c4 Nf6 5. Nc3 e6 6. Nf3 Bb4 7. cxd5 Nxd5 8.
Bd2 O-O 9. Bd3 Nc6 10. O-O Be7 11. a3 Nf6 12. Be3 b6 13. Qe2 Bb7 14. Rad1 Qc7
15. Rfe1 Rad8 16. Bb1 Rfe8 17. Bg5 g6 18. h4 Nd5 19. h5 Bxg5 20. Nxg5 Qf4 21.
Nh3 Qh4 22. hxg6 hxg6 23. Be4 Nce7 24. Qf3 Nf5 25. Ne2 Nd6 26. Ng3 Kg7 27. Rc1
Rc8 28. Bxd5 Bxd5 29. Qf4 Qxf4 30. Nxf4 Bb3 31. f3 Kf6 32. Kf2 Rc4 33. Rxc4
Bxc4 34. Ne4+ Nxe4+ 35. fxe4 Rd8 36. e5+ Ke7 37. Ke3 Rc8 38. Rc1 Ba6 39. Rxc8
Bxc8 40. g4 Bb7 41. g5 Bc6 42. b4 Kd7 43. Kd3 Bb5+ 44. Kc3 Kc6 45. Kb3 Kd7 46.
a4 Bc6 47. b5 Bf3 48. Kb4 Kc7 49. a5 Kd7 50. a6 Kc7 51. Kc4 Kd7 52. Kb4 Kc7 53.
Kc4 Kd7 54. Kb4 Kc7 55. Ka4 Kd7 56. Kb4 Kc7 57. Nd3 Be2 58. Nf4 Bf3 1/2-1/2

[Event "I Campeonato Brasileiro de Xadrez via I"]
[Site "Internet Chess Club"]
[Date "2008.12.21"]
[Round "2.12"]
[White "Milos, Gilberto"]
[Black "Diamant, Andre"]
[Result "0-1"]
[WhiteElo "2593"]
[BlackElo "2412"]
[PlyCount "92"]
[EventDate "2008.12.21"]
[Source "lmi"]
[SourceDate "2008.12.21"]

1. d4 Nf6 2. Nf3 e6 3. Bg5 c5 4. e3 cxd4 5. exd4 Be7 6. Bd3 b6 7. O-O Bb7 8. c4
O-O 9. Nc3 d5 10. Re1 dxc4 11. Bxc4 Nc6 12. a3 Nd5 13. h4 Nxc3 14. bxc3 Rc8 15.
Qd3 h6 16. Bxe7 Nxe7 17. Ne5 Bd5 18. Ba6 Rc7 19. c4 Bb7 20. Bxb7 Rxb7 21. a4 a5
22. Rad1 Nf5 23. g3 Qf6 24. d5 exd5 25. cxd5 Nd6 26. Nc6 h5 27. Re5 g6 28. Rde1
Kg7 29. Kg2 b5 30. axb5 Rxb5 31. Nd4 Rb2 32. Qf3 Nc4 33. Qxf6+ Kxf6 34. R5e2
Rxe2 35. Rxe2 Rd8 36. Rc2 Ne5 37. Rc5 a4 38. Nc6 Ra8 39. d6 Nxc6 40. Rxc6 Ke6
41. Rc7 Kxd6 42. Rxf7 a3 43. Rf6+ Ke5 44. Rxg6 a2 45. Rg5+ Ke4 46. f3+ Kd4 0-1

[Event "I Campeonato Brasileiro de Xadrez via I"]
[Site "Internet Chess Club"]
[Date "2008.12.21"]
[Round "2.21"]
[White "Mecking, Henrique"]
[Black "Mekhitarian, Krikor Sevag"]
[Result "1-0"]
[WhiteElo "2567"]
[BlackElo "2511"]
[PlyCount "61"]
[EventDate "2008.12.21"]
[Source "lmi"]
[SourceDate "2008.12.21"]

1. d4 Nf6 2. c4 g6 3. Nc3 d5 4. cxd5 Nxd5 5. e4 Nxc3 6. bxc3 Bg7 7. Bc4 O-O 8.
Ne2 c5 9. O-O Nc6 10. Be3 Na5 11. Bd3 b6 12. Rb1 e5 13. dxc5 Be6 14. cxb6 axb6
15. Bxb6 Qd7 16. Bb5 Qxd1 17. Rfxd1 Bxa2 18. Rb4 Rfb8 19. Bc7 Rb7 20. Bc6 Rxb4
21. Bxa8 Rb5 22. f4 Bf8 23. Bxe5 Bc4 24. Nd4 Rb2 25. Ra1 Ba2 26. Bd5 Bxd5 27.
exd5 Nc4 28. Nc6 Ne3 29. d6 Rxg2+ 30. Kh1 Rd2 31. Ne7+ 1-0

[Event "I Campeonato Brasileiro de Xadrez via I"]
[Site "Internet Chess Club"]
[Date "2008.12.21"]
[Round "2.22"]
[White "Mekhitarian, Krikor Sevag"]
[Black "Mecking, Henrique"]
[Result "1/2-1/2"]
[WhiteElo "2511"]
[BlackElo "2567"]
[PlyCount "176"]
[EventDate "2008.12.21"]
[Source "lmi"]
[SourceDate "2008.12.21"]

1. e4 e5 2. Nf3 Nc6 3. Bb5 a6 4. Ba4 Nf6 5. O-O Be7 6. Re1 b5 7. Bb3 d6 8. c3
O-O 9. h3 Na5 10. Bc2 c5 11. d4 Nd7 12. Kh1 exd4 13. cxd4 Nc6 14. Nc3 Bf6 15.
Be3 Bb7 16. Nd5 Bxd4 17. Nxd4 Nxd4 18. Bxd4 cxd4 19. Qxd4 Bxd5 20. Qxd5 Nf6 21.
Qd4 Rc8 22. Bb3 Qc7 23. Rad1 Rfd8 24. Re3 Qc5 25. Red3 Qxd4 26. Rxd4 Ne8 27. e5
Rc6 28. a4 Kf8 29. axb5 axb5 30. Rd5 Rb6 31. Ra1 Nc7 32. Rd2 d5 33. Ra7 Rc6 34.
f4 Rc5 35. Rd3 Ne6 36. f5 Nf4 37. Rd2 Re8 38. g3 Nh5 39. Bxd5 Rxe5 40. Rxf7+
Ke8 41. Be6 Nxg3+ 42. Kg2 Nxf5 43. Bxf5 Rxf5 44. Rxg7 Rg5+ 45. Rxg5 Rxg5+ 46.
Kf3 Ke7 47. Kf4 Rh5 48. Kg4 Rc5 49. Rd4 Rc2 50. Rb4 Rc5 51. h4 Kf6 52. Rd4 Rc4
53. Rxc4 bxc4 54. Kf4 Kg6 55. Ke4 Kh5 56. Kd4 Kxh4 57. Kxc4 h5 58. b4 Kg3 59.
b5 h4 60. b6 h3 61. b7 h2 62. b8=Q+ Kg2 63. Qb7+ Kg1 64. Qb6+ Kg2 65. Qg6+ Kf2
66. Qf5+ Kg2 67. Qg4+ Kf2 68. Qf4+ Kg2 69. Qd2+ Kg1 70. Qe1+ Kg2 71. Qe4+ Kg1
72. Qg4+ Kf2 73. Qf4+ Kg2 74. Qd2+ Kg1 75. Qe1+ Kg2 76. Qe2+ Kg1 77. Qe3+ Kg2
78. Qg5+ Kf2 79. Qf4+ Kg2 80. Qd2+ Kg1 81. Qe1+ Kg2 82. Qe4+ Kg1 83. Qe3+ Kg2
84. Qg5+ Kf2 85. Qf6+ Kg2 86. Qc6+ Kg1 87. Qb6+ Kg2 88. Qb1 h1=Q 1/2-1/2

[Event "I Campeonato Brasileiro de Xadrez via I"]
[Site "Internet Chess Club"]
[Date "2008.12.21"]
[Round "2.31"]
[White "Santos, Marcus Vinicius Mor"]
[Black "Fier, Alexandr"]
[Result "0-1"]
[WhiteElo "2394"]
[BlackElo "2581"]
[PlyCount "78"]
[EventDate "2008.12.21"]
[Source "lmi"]
[SourceDate "2008.12.21"]

1. d4 Nf6 2. c4 g6 3. Nc3 d5 4. Nf3 Bg7 5. Bg5 dxc4 6. Qa4+ c6 7. Qxc4 O-O 8.
e3 Bf5 9. Be2 h6 10. Bh4 Ne4 11. Nxe4 Bxe4 12. Qb4 g5 13. Bg3 b6 14. O-O Nd7
15. Rac1 c5 16. dxc5 Nxc5 17. Rfd1 Qe8 18. Nd4 Qa4 19. Qxa4 Nxa4 20. b3 Nc5 21.
Nb5 f5 22. Nc7 Rad8 23. b4 Na4 24. Ne6 Rxd1+ 25. Rxd1 Nc3 26. Nxf8 Nxd1 27.
Bxd1 Kxf8 28. Bb8 a5 29. b5 a4 30. Bxa4 Bc3 31. Bc7 Ba5 32. f3 Bd5 33. a3 Kf7
34. Bc2 Kf6 35. Kf2 Bc4 36. a4 e6 37. f4 g4 38. Be5+ Kf7 39. Kg3 Be1# 0-1